000 00256nam a2200097Ia 4500
008 190216s9999||||xx |||||||||||||| ||und||
100 _aVadakkumkoor Raja Raja Varma
245 0 _aKerala Samskritha Sahithya Charithram Vol I Ii
260 _bNull
942 _cBK
999 _c25018
_d25018